Top 25 NFL Players since 2000 - Statistics

General Stats
  • This quiz has been taken 37 times
  • The average score is 15 of 25
Answer Stats
Rank Position Answer % Correct
1 QB Tom Brady
100%
15 QB Drew Brees
91%
2 QB Patrick Mahomes
88%
4 QB Peyton Manning
88%
14 TE Travis Kelce
88%
3 DT Aaron Donald
82%
13 TE Rob Gronkowski
79%
6 WR Calvin Johnson
71%
7 DE J.J Watt
71%
9 QB Aaron Rodgers
65%
5 WR Randy Moss
65%
8 LB Ray Lewis
62%
24 TE Tony Gonzalez
62%
18 RB Adrian Peterson
59%
11 S Ed Reed
56%
10 CB Darrelle Revis
50%
16 S Troy Polamalu
50%
20 RB LaDainian Tomlinson
47%
17 QB Brett Favre
44%
23 OT Joe Thomas
41%
12 CB Charles Woodson
35%
21 RB Marshall Faulk
29%
19 DE Michael Strahan
21%
25 LB Derrick Brooks
12%
22 DT Warren Sapp
9%
No matching quizzes found
Score Distribution
Percent of People with Each Score
Percentile by Number Answered
Your Score History
You have not taken this quiz